[Event "27th Budapest Spring Festival"]
[Site "Budapest, Hungary"]
[Date "2011.03.23"]
[Round "7"]
[White "Medvegyne Balogh, Emese"]
[Black "Borda, Lajos"]
[Result "1-0"]
[WhiteElo "2095"]
[BlackElo "2135"]
[PlyCount "87"]
[EventDate "2011.??.??"]

1. e4 c5 2. b3 Nc6 3. Bb2 d6 4. Bb5 Bd7 5. f4 e5 6. Nf3 Nf6 7. Bxc6 Bxc6 8.
fxe5 Nxe4 9. O-O Ng5 10. Nxg5 Qxg5 11. Qe2 dxe5 12. Qxe5+ Qxe5 13. Bxe5 f6 14.
Bg3 Rd8 15. d3 Bd6 16. Bxd6 Rxd6 17. Nd2 Kf7 18. Rae1 Re6 19. Rxe6 Kxe6 20.
Re1+ Kd7 21. Kf2 Bd5 22. Ne4 Bxe4 23. Rxe4 g6 24. Ke3 Rf8 25. d4 cxd4+ 26. Kxd4
Kd6 27. c4 b6 28. b4 Rc8 29. g4 a5 30. a3 axb4 31. axb4 Rc7 32. Re8 Rd7 33. c5+
bxc5+ 34. bxc5+ Kc6+ 35. Kc4 Rf7 36. Re6+ Kb7 37. Kd5 f5 38. gxf5 Rxf5+ 39. Kd6
Rf7 40. h4 Rg7 41. Re8 Rc7 42. Re7 Rxe7 43. Kxe7 Kc6 44. Kf6 1-0

[Event "27th Budapest Spring Festival"]
[Site "Budapest, Hungary"]
[Date "2011.03.23"]
[Round "7"]
[White "Tran, Tuan Minh"]
[Black "Tran, Minh Thang"]
[Result "1/2-1/2"]
[WhiteElo "2295"]
[BlackElo "2077"]
[PlyCount "29"]
[EventDate "2011.??.??"]

1. d4 e6 2. Bf4 f5 3. e3 Nf6 4. Bd3 Be7 5. h3 c5 6. c3 b6 7. Nd2 Bb7 8. Ngf3
O-O 9. O-O Nc6 10. Bh2 d6 11. Rc1 Na5 12. b4 cxb4 13. cxb4 Nc6 14. Qb3 Qd7 15.
Bxf5 1/2-1/2

[Event "27th Budapest Spring Festival"]
[Site "Budapest, Hungary"]
[Date "2011.03.23"]
[Round "7"]
[White "Hradeczky, Tamas"]
[Black "Frih, Ameur"]
[Result "0-1"]
[WhiteElo "2260"]
[BlackElo "2095"]
[PlyCount "44"]
[EventDate "2011.??.??"]

1. d4 d6 2. c4 e5 3. e4 exd4 4. Qxd4 Nc6 5. Qd2 g6 6. Nf3 Bg7 7. Nc3 Nf6 8. Bd3
O-O 9. h3 Re8 10. O-O a5 11. a3 Nd7 12. Qc2 Nc5 13. Bg5 Nd4 14. Nxd4 Qxg5 15.
Nf3 Qd8 16. Rfe1 c6 17. Rad1 Qb6 18. Re2 a4 19. Rde1 Rd8 20. Na2 Qxb2 21. Qd1
Qxa3 22. Bb1 Be6 0-1

[Event "27th Budapest Spring Festival"]
[Site "Budapest, Hungary"]
[Date "2011.03.23"]
[Round "7"]
[White "Teglas, Balazs"]
[Black "Varga, Melinda"]
[Result "1-0"]
[WhiteElo "2202"]
[BlackElo "2031"]
[PlyCount "87"]
[EventDate "2011.??.??"]

1. d4 d5 2. Bf4 Nf6 3. e3 c5 4. c3 Nc6 5. Nd2 Bf5 6. Ngf3 e6 7. Bb5 Qb6 8. Qb3
c4 9. Qa4 Be7 10. b3 cxb3 11. axb3 O-O 12. O-O Rfc8 13. h3 a6 14. Be2 h6 15.
Rfc1 Ne4 16. Nxe4 Bxe4 17. Nd2 Bg6 18. c4 Qb4 19. cxd5 exd5 20. Nb1 Nxd4 21.
Rxc8+ Rxc8 22. exd4 Qe1+ 23. Bf1 Bxb1 24. Rxb1 Qxb1 25. Qd7 Qc2 26. Qxe7 Qxb3
27. Qd7 Ra8 28. Be2 Qb1+ 29. Kh2 Qb2 30. Bh5 Qxd4 31. Bxf7+ Kh8 32. Be3 Qe5+
33. g3 d4 34. Bxd4 Qg5 35. Qxb7 Rd8 36. Be3 Qf6 37. Bc4 a5 38. Bb6 Rf8 39. Qa7
Qc6 40. Bd4 Qg6 41. Qxa5 Qe4 42. Qc5 Re8 43. Bd5 Qg6 44. Qc7 1-0

[Event "27th Budapest Spring Festival"]
[Site "Budapest, Hungary"]
[Date "2011.03.23"]
[Round "7"]
[White "Werner, Dimo"]
[Black "Zala, Gyula"]
[Result "1/2-1/2"]
[WhiteElo "2272"]
[BlackElo "2074"]
[PlyCount "76"]
[EventDate "2011.??.??"]

1. d4 d5 2. Nf3 e6 3. c4 c6 4. Qc2 f5 5. g3 Nf6 6. Bg2 Be7 7. O-O O-O 8. b3 Na6
9. Bb2 Qe8 10. Nbd2 Ng4 11. h3 Nh6 12. e3 Qh5 13. Ne5 Bd6 14. Qd1 Qe8 15. f4
Nb8 16. a4 Qe7 17. Ndf3 Nd7 18. Nxd7 Bxd7 19. Qc1 Nf7 20. Ba3 Rad8 21. Bxd6
Nxd6 22. Ne5 Be8 23. Kh2 Kh8 24. h4 Rg8 25. Rh1 Bh5 26. Qa3 Qf6 27. Qc5 a6 28.
Qb6 Qe7 29. Qb4 Ra8 30. Bf3 Be8 31. Kg2 g6 32. Ra2 Rg7 33. Kf1 Qd8 34. Rah2 a5
35. Qa3 Rb8 36. Qc1 Rc7 37. Qa3 Kg8 38. Rc2 Rbc8 {after 45 move} 1/2-1/2

[Event "27th Budapest Spring Festival"]
[Site "Budapest, Hungary"]
[Date "2011.03.23"]
[Round "7"]
[White "Havaskori, Laszlo"]
[Black "Heyl, Thomas"]
[Result "1/2-1/2"]
[WhiteElo "2106"]
[BlackElo "2050"]
[PlyCount "100"]
[EventDate "2011.??.??"]

1. d4 d5 2. Nf3 Nf6 3. Bf4 e6 4. e3 Bd6 5. Bg3 O-O 6. Bd3 b6 7. Qe2 Bb7 8. Bh4
c5 9. c3 Nbd7 10. Nbd2 Qc7 11. Bxf6 Nxf6 12. O-O Ne4 13. g3 f5 14. Ne1 c4 15.
Bc2 Rf6 16. f4 Nxd2 17. Qxd2 Bc6 18. Nf3 h6 19. Kf2 Rff8 20. Rg1 Kh7 21. Rg2
Rg8 22. g4 g6 23. Rag1 Qe7 24. Qe1 b5 25. Ke2 b4 26. gxf5 exf5 27. Qh4 Qxh4 28.
Nxh4 b3 29. axb3 cxb3 30. Bb1 Be8 31. Nxf5 Bb5+ 32. Kd2 gxf5 33. Bxf5+ Kh8 34.
Rxg8+ Rxg8 35. Rxg8+ Kxg8 36. Be6+ Kg7 37. Bxd5 Bf1 38. Bxb3 Kf6 39. Bd5 a5 40.
Kc2 Be2 41. Be4 h5 42. b3 h4 43. Kd2 Bf1 44. Ke1 Bh3 45. c4 Bb4+ 46. Kf2 Bg4
47. Bc2 Bd2 48. c5 Ke6 49. Bh7 Kd7 50. Bg8 Ke7 {after 21 move} 1/2-1/2

[Event "27th Budapest Spring Festival"]
[Site "Budapest, Hungary"]
[Date "2011.03.23"]
[Round "7"]
[White "Kabai, Zsuzsanna"]
[Black "Schmitt, Carsten"]
[Result "1-0"]
[WhiteElo "2148"]
[BlackElo "1956"]
[PlyCount "71"]
[EventDate "2011.??.??"]

1. d4 d5 2. c4 e6 3. Nf3 c5 4. cxd5 exd5 5. Nc3 Nc6 6. g3 Nf6 7. Bg2 Be7 8. O-O
O-O 9. Bg5 c4 10. Ne5 Be6 11. Rc1 h6 12. Bxf6 Bxf6 13. f4 Bxe5 14. fxe5 Qb6 15.
e3 Qxb2 16. Bxd5 Bh3 17. Rc2 Qb6 18. Rf4 Nxe5 19. dxe5 Qxe3+ 20. Kh1 Qxe5 21.
Qd4 Qe1+ 22. Qg1 Rae8 23. Re4 Qxg1+ 24. Kxg1 Bf5 25. Rxe8 Rxe8 26. Rc1 Bh3 27.
Bxb7 Rb8 28. Bd5 Rb2 29. Bxc4 Rg2+ 30. Kh1 Rd2 31. Bd5 g5 32. a4 a5 33. Kg1 Kg7
34. Bc6 h5 35. Ne4 Rg2+ 36. Kh1 1-0

[Event "27th Budapest Spring Festival"]
[Site "Budapest, Hungary"]
[Date "2011.03.23"]
[Round "7"]
[White "Halak, Miklos"]
[Black "Katona, Jozsef"]
[Result "1-0"]
[WhiteElo "2062"]
[BlackElo "1909"]
[PlyCount "49"]
[EventDate "2011.??.??"]

1. e4 c5 2. b3 Nc6 3. Nf3 Nf6 4. e5 Ng4 5. Bb2 d5 6. exd6 Qxd6 7. Be2 e5 8. Nc3
Bf5 9. Nh4 Nh6 10. Nxf5 Nxf5 11. O-O Rd8 12. Ne4 Qc7 13. Bb5 Be7 14. Qg4 g6 15.
Bxc6+ bxc6 16. f4 h5 17. Qh3 Nd4 18. fxe5 Qxe5 19. Rae1 Ne2+ 20. Rxe2 Qxb2 21.
Ng5 f5 22. Qg3 Qd4+ 23. Kh1 Qd6 24. Rfe1 Rd7 25. Qxd6 1-0

[Event "27th Budapest Spring Festival"]
[Site "Budapest, Hungary"]
[Date "2011.03.23"]
[Round "7"]
[White "Zilahi, Gabor"]
[Black "Szajbely, Zsigmond"]
[Result "1/2-1/2"]
[WhiteElo "2004"]
[BlackElo "2074"]
[PlyCount "88"]
[EventDate "2011.??.??"]

1. d4 Nf6 2. Nf3 c5 3. e3 Qc7 4. b3 g6 5. Bb2 Bg7 6. d5 d6 7. Be2 O-O 8. O-O
Bd7 9. c4 Na6 10. a3 Qb8 11. Ra2 b5 12. Nbd2 bxc4 13. bxc4 Qb6 14. Bc3 Rfb8 15.
Qc2 Nc7 16. h3 Qa6 17. Bd1 Rb6 18. Re1 Rd8 19. Kh2 e5 20. a4 Bf5 21. e4 Bd7 22.
Be2 Nh5 23. g3 Bh6 24. Ng1 Ng7 25. Bd3 Rf8 26. Nf1 Qc8 27. a5 Rb8 28. Rb1 Na6
29. Rab2 f5 30. f3 fxe4 31. fxe4 Qc7 32. Kg2 Rxb2 33. Rxb2 Bc8 34. Qe2 Qf7 35.
Ne3 Bxe3 36. Qxe3 Qd7 37. Be2 Qa4 38. Qd2 Ne8 39. Ra2 Qd7 40. Bg4 Qd8 41. Bxc8
Qxc8 42. Rb2 Qd7 43. Nf3 Ng7 44. Qh6 Qf7 1/2-1/2

[Event "27th Budapest Spring Festival"]
[Site "Budapest, Hungary"]
[Date "2011.03.23"]
[Round "7"]
[White "Grimm, Daniel"]
[Black "Meixner, Ferenc"]
[Result "1/2-1/2"]
[WhiteElo "1997"]
[BlackElo "2072"]
[PlyCount "68"]
[EventDate "2011.??.??"]

1. e4 c5 2. Nf3 e6 3. d4 cxd4 4. Nxd4 Nf6 5. Bd3 Nc6 6. Nb3 Bb4+ 7. Bd2 Be7 8.
Nc3 d5 9. Qe2 d4 10. Nd1 e5 11. O-O O-O 12. h3 Be6 13. f4 Rc8 14. f5 Bxb3 15.
axb3 h6 16. Nf2 Nd7 17. Ng4 Bg5 18. Be1 Nf6 19. h4 Nxg4 20. Qxg4 Be3+ 21. Kh1
Qf6 22. Bc4 b6 23. Qg6 a5 24. Qxf6 gxf6 25. g3 Rfd8 26. Bd3 Ra8 27. Kg2 Rdc8
28. Kf3 Kf8 29. Ke2 Ke7 30. Bb5 Kd6 31. Bc4 Nd8 32. Kd3 Nb7 33. b4 Ke7 34. Bd5
Rab8 1/2-1/2

[Event "27th Budapest Spring Festival"]
[Site "Budapest, Hungary"]
[Date "2011.03.23"]
[Round "7"]
[White "Yin, Stanley"]
[Black "Juracsik, Jozsef"]
[Result "0-1"]
[WhiteElo "2005"]
[BlackElo "2228"]
[PlyCount "36"]
[EventDate "2011.??.??"]

1. g3 e5 2. c3 d5 3. Na3 c6 4. Nc2 f5 5. d3 Nf6 6. Nf3 Bd6 7. Bg2 e4 8. Nfd4
O-O 9. O-O Na6 10. b4 Nc7 11. a4 Qe8 12. Bg5 Ng4 13. f3 Nxh2 14. Kxh2 Qh5+ 15.
Bh3 f4 16. g4 Bxg4 17. fxg4 f3+ 18. Kg1 Qxh3 0-1

[Event "27th Budapest Spring Festival"]
[Site "Budapest, Hungary"]
[Date "2011.03.23"]
[Round "7"]
[White "Peczely, Sebastian Zsombor"]
[Black "Letay, Gyula"]
[Result "1/2-1/2"]
[WhiteElo "1929"]
[BlackElo "2063"]
[PlyCount "57"]
[EventDate "2011.??.??"]

1. e4 c5 2. Nf3 d6 3. d4 cxd4 4. Nxd4 Nf6 5. Nc3 a6 6. Be3 e5 7. Nb3 Be6 8. f3
Qc7 9. Qd2 Nbd7 10. g4 h6 11. O-O-O b5 12. Kb1 Be7 13. h4 Nb6 14. Qf2 Nfd7 15.
Nd5 Bxd5 16. exd5 Nc4 17. Bc1 a5 18. f4 a4 19. Nd2 exf4 20. Qxf4 Nde5 21. b3
axb3 22. cxb3 Qa7 23. a4 Nxd2+ 24. Bxd2 O-O 25. Bxb5 Rfb8 26. Be3 Qa5 27. Bd2
Qa7 28. Be3 Qa5 29. Bd2 1/2-1/2

[Event "27th Budapest Spring Festival"]
[Site "Budapest, Hungary"]
[Date "2011.03.24"]
[Round "8"]
[White "Boguszlavszkij, Jevgenyij"]
[Black "Toth, Ervin"]
[Result "0-1"]
[WhiteElo "2254"]
[BlackElo "2424"]
[PlyCount "91"]
[EventDate "2011.??.??"]

1. d4 Nf6 2. Bg5 d5 3. Nc3 c5 4. e3 Nc6 5. Nf3 Bg4 6. Be2 e6 7. O-O Rc8 8. Re1
Be7 9. Nd2 Bf5 10. dxc5 Bxc5 11. Nb3 Be7 12. Nd4 Bg6 13. Nxc6 bxc6 14. Bd3 Qa5
15. a3 O-O 16. Bxg6 hxg6 17. b4 Qc7 18. Ne2 c5 19. b5 Ng4 20. Bxe7 Qxe7 21. Ng3
Qh4 22. h3 Nxf2 23. Kxf2 f5 24. Qe2 Rce8 25. a4 f4 26. exf4 Rxf4+ 27. Kg1 Qxg3
28. Rf1 Re4 29. Qd1 Qe3+ 30. Kh1 Rd4 31. Qf3 Qxf3 32. Rxf3 e5 33. Rd3 Rxd3 34.
cxd3 Kf7 35. Kg1 Ke6 36. Kf2 Kd6 37. a5 e4 38. Re1 Rf8+ 39. Ke2 exd3+ 40. Kxd3
c4+ 41. Kc3 Kc5 42. b6 axb6 43. axb6 Rb8 44. Re7 Rxb6 45. Rc7+ Kd6 46. Rxg7 0-1

[Event "27th Budapest Spring Festival"]
[Site "Budapest, Hungary"]
[Date "2011.03.24"]
[Round "8"]
[White "Kantor, Gergely"]
[Black "Horvath, David"]
[Result "1/2-1/2"]
[WhiteElo "2147"]
[BlackElo "2309"]
[PlyCount "107"]
[EventDate "2011.??.??"]

1. d4 d5 2. c4 e6 3. Nc3 c5 4. cxd5 cxd4 5. Qxd4 Nc6 6. Qd1 exd5 7. Qxd5 Bd7 8.
Nf3 Nf6 9. Qd1 Bc5 10. e3 Qe7 11. Be2 O-O-O 12. O-O g5 13. b4 Bxb4 14. Bb2 g4
15. Nd4 Kb8 16. a3 Bd6 17. Ncb5 Be5 18. Qb3 a6 19. Nxc6+ Bxc6 20. Bxe5+ Qxe5
21. Nc3 Nd5 22. Nxd5 Bxd5 23. Qb4 Rd6 24. Rad1 Rhd8 25. Qd4 Qxd4 26. Rxd4 Be6
27. Rfd1 Rxd4 28. Rxd4 Rxd4 29. exd4 Kc7 30. f3 gxf3 31. Bxf3 b5 32. Kf2 Kd6
33. g3 Bd5 34. Bd1 a5 35. Ke3 Ke6 36. Bc2 h6 37. h4 b4 38. axb4 axb4 39. g4 f6
40. Kf4 Ba2 41. Bf5+ Kf7 42. Be4 Ke6 43. Bh7 Kd6 44. g5 fxg5+ 45. hxg5 hxg5+
46. Kxg5 Bf7 47. Be4 Bd5 48. Kf4 b3 49. Bd3 Kc6 50. Ke3 Kb6 51. Kd2 Ka5 52. Kc3
Ka4 53. Bc2 Ka3 54. Bxb3 1/2-1/2

[Event "27th Budapest Spring Festival"]
[Site "Budapest, Hungary"]
[Date "2011.03.24"]
[Round "8"]
[White "Juhasz, Kristof"]
[Black "Ngo Tan, Don"]
[Result "1-0"]
[WhiteElo "2272"]
[BlackElo "2141"]
[PlyCount "183"]
[EventDate "2011.??.??"]

1. d4 Nf6 2. c4 g6 3. Nf3 Bg7 4. g3 O-O 5. Bg2 c6 6. Nc3 d5 7. Qb3 Qb6 8. O-O
dxc4 9. Qxc4 Be6 10. Qa4 h6 11. e4 Nbd7 12. h3 Rfd8 13. Rd1 a5 14. Qc2 Qa6 15.
Ne2 a4 16. Re1 Bc4 17. Nc3 b5 18. Nd2 Be6 19. Ne2 Nb6 20. Nf4 Qc8 21. Nf3 g5
22. Nxe6 Qxe6 23. Bd2 Nc4 24. Bxg5 hxg5 25. Nxg5 Qd7 26. e5 Qxd4 27. exf6 Qxf6
28. Qh7+ Kf8 29. Qh5 Kg8 30. Re4 Qg6 31. Qh4 Rd6 32. Rae1 Qh6 33. Qg4 Rg6 34.
h4 e6 35. R4e2 Rc8 36. b3 axb3 37. axb3 Nb6 38. Qb4 Bf8 39. Qa5 Bc5 40. Qa6 Qf8
41. Qa1 Nd5 42. Bh3 Re8 43. Qc1 Bb4 44. Rf1 Qd6 45. h5 Nc3 46. Rc2 Rg7 47. h6
Rg6 48. h7+ Kg7 49. Rxc3 Qe5 50. Rf3 Qxg5 51. Qxc6 Re7 52. Qe4 Bc5 53. b4 Ba7
54. Re1 Rh6 55. Bg2 Rxh7 56. Rf4 f5 57. Qe5+ Qf6 58. Rxf5 exf5 59. Qxe7+ Qxe7
60. Rxe7+ Kg6 61. Rxh7 Kxh7 62. Bc6 Bd4 63. Bxb5 Bc3 64. Bd3 Bxb4 65. Bxf5+ Kg7
66. Kg2 Kf6 67. Bc8 Bd2 68. f4 Bc1 69. Kf3 Bd2 70. Ke2 Bc1 71. Kd3 Bb2 72. g4
Kg6 73. Bf5+ Kf6 74. Ke4 Bc1 75. g5+ Kf7 76. Kf3 Kg7 77. Be6 Bd2 78. Kg4 Bc1
79. Ba2 Bd2 80. f5 Bc3 81. Bb1 Bb2 82. Bc2 Bc3 83. Kf3 Bd2 84. f6+ Kf7 85. Kg4
Bb4 86. Kf5 Kg8 87. Bb3+ Kh8 88. g6 Bf8 89. Ke6 Kg8 90. Kd7+ Kh8 91. Ke8 Bh6
92. Kf7 1-0

[Event "27th Budapest Spring Festival"]
[Site "Budapest, Hungary"]
[Date "2011.03.24"]
[Round "8"]
[White "Carlstedt, Jonathan"]
[Black "Frih, Ameur"]
[Result "1-0"]
[WhiteElo "2386"]
[BlackElo "2095"]
[PlyCount "99"]
[EventDate "2011.??.??"]

1. c4 e5 2. g3 d6 3. Bg2 f5 4. Nc3 Nf6 5. d3 Be7 6. e3 O-O 7. Nge2 a5 8. O-O
Qe8 9. f4 c6 10. e4 fxe4 11. dxe4 Qh5 12. f5 Qf7 13. h3 Na6 14. b3 Nc5 15. Be3
Nfd7 16. Qd2 a4 17. Qc2 axb3 18. axb3 Rxa1 19. Rxa1 Na6 20. Rd1 Nb4 21. Qd2 Nc5
22. Nc1 Bd7 23. Bxc5 dxc5 24. Qxd7 Bg5 25. Qxf7+ Rxf7 26. Nd3 Be3+ 27. Kh2 Re7
28. Nxb4 cxb4 29. Rd3 Bc5 30. Na4 Bd4 31. c5 Rd7 32. Bf1 Kf8 33. Kg2 Ke7 34.
Kf3 Rd8 35. g4 Kf6 36. h4 h6 37. Ke2 Ra8 38. Rd2 Ke7 39. Rc2 Kf6 40. Rc4 Ke7
41. Rxb4 Ra7 42. Rc4 Ra5 43. Kf3 Kf6 44. Rc2 g6 45. g5+ hxg5 46. hxg5+ Kxg5 47.
Rg2+ Kh6 48. Rxg6+ Kh7 49. Re6 Kg8 50. Bc4 1-0

[Event "27th Budapest Spring Festival"]
[Site "Budapest, Hungary"]
[Date "2011.03.24"]
[Round "8"]
[White "Bea, Boglarka"]
[Black "Szalanczy, Emil"]
[Result "0-1"]
[WhiteElo "2109"]
[BlackElo "2269"]
[PlyCount "72"]
[EventDate "2011.??.??"]

1. e4 c5 2. Nf3 d6 3. Bb5+ Nd7 4. d4 Ngf6 5. Nc3 cxd4 6. Qxd4 e5 7. Qd3 h6 8.
O-O Be7 9. Be3 O-O 10. Bc4 Nb8 11. Nh4 d5 12. exd5 e4 13. Qd1 Ng4 14. Ng6 Bd6
15. Nf4 Bf5 16. h3 Nxe3 17. fxe3 Bh7 18. Qd4 Qe7 19. Rad1 Nd7 20. Nb5 Bc5 21.
Qd2 Ne5 22. Be2 Rad8 23. d6 Qg5 24. b4 a6 25. bxc5 axb5 26. Qd5 Nd7 27. h4 Qxh4
28. Bxb5 Nf6 29. Qd2 Ng4 30. Rfe1 Bf5 31. Nh3 Qg3 32. Bc4 Ne5 33. Qf2 Qxf2+ 34.
Nxf2 Nxc4 35. Rd4 Ne5 36. Nxe4 Nc6 0-1

[Event "27th Budapest Spring Festival"]
[Site "Budapest, Hungary"]
[Date "2011.03.24"]
[Round "8"]
[White "Juracsik, Jozsef"]
[Black "Lee, Kai Jie Edward"]
[Result "0-1"]
[WhiteElo "2228"]
[BlackElo "1913"]
[PlyCount "60"]
[EventDate "2011.??.??"]

1. e4 e5 2. Nf3 Nf6 3. Nxe5 d6 4. Nf3 Nxe4 5. Nc3 Nxc3 6. dxc3 Be7 7. Be3 O-O
8. Qd2 Be6 9. Nd4 Bd7 10. Bd3 c5 11. Nf5 d5 12. g4 Re8 13. O-O-O Nc6 14. Rhg1
Be6 15. Nxe7+ Qxe7 16. Bf4 Rad8 17. Rde1 Qd7 18. Bb5 a6 19. Bxc6 Qxc6 20. h4 d4
21. b3 c4 22. b4 a5 23. a3 axb4 24. axb4 Ra8 25. Qxd4 Red8 26. Qc5 Qa4 27. Bd6
Ra6 28. Rd1 Qa1+ 29. Kd2 Raxd6+ 30. Ke2 Bxg4+ 0-1

[Event "27th Budapest Spring Festival"]
[Site "Budapest, Hungary"]
[Date "2011.03.24"]
[Round "8"]
[White "Koczo, Kristof"]
[Black "Chen, Yang"]
[Result "1-0"]
[WhiteElo "2264"]
[BlackElo "2033"]
[PlyCount "89"]
[EventDate "2011.??.??"]

1. d4 d5 2. c4 c6 3. Nf3 Nf6 4. Nc3 dxc4 5. a4 Bf5 6. e3 e6 7. Bxc4 Bb4 8. O-O
Nbd7 9. Nh4 Bg4 10. f3 Bh5 11. g4 Bg6 12. e4 Nb6 13. Nxg6 hxg6 14. Bb3 a5 15.
Bf4 Nfd7 16. d5 Qf6 17. Qd2 Nc5 18. Ba2 Ncxa4 19. e5 Qe7 20. dxe6 fxe6 21. Qc2
Nxc3 22. bxc3 Bc5+ 23. Kh1 Nd5 24. Bg3 Qg5 25. Qb1 O-O-O 26. Bc4 Nxc3 27. Bxe6+
Kc7 28. Qb3 Ne2 29. f4 Nxg3+ 30. Qxg3 Qh4 31. Qxh4 Rxh4 32. Rfd1 Rxd1+ 33. Rxd1
Rh3 34. Rd7+ Kb6 35. Rxg7 Rf3 36. Bc8 Kb5 37. Rxb7+ Kc4 38. f5 gxf5 39. gxf5 a4
40. Kg2 Rb3 41. Be6+ Kc3 42. Bxb3 axb3 43. f6 b2 44. Rxb2 Kxb2 45. e6 1-0

[Event "27th Budapest Spring Festival"]
[Site "Budapest, Hungary"]
[Date "2011.03.24"]
[Round "8"]
[White "Heyl, Thomas"]
[Black "Kabai, Zsuzsanna"]
[Result "1/2-1/2"]
[WhiteElo "2050"]
[BlackElo "2148"]
[PlyCount "43"]
[EventDate "2011.??.??"]

1. d4 d5 2. Nf3 Nf6 3. c4 e6 4. e3 Nbd7 5. cxd5 exd5 6. Bd3 c6 7. O-O Bd6 8. b3
Qe7 9. Nc3 O-O 10. Qc2 Re8 11. Nd2 Nf8 12. e4 Ne6 13. Nf3 dxe4 14. Nxe4 Nxe4
15. Bxe4 g6 16. Re1 Bd7 17. d5 cxd5 18. Bxd5 Rac8 19. Qd1 Bc6 20. Bg5 Qc7 21.
Bxc6 Qxc6 22. Rc1 1/2-1/2

[Event "27th Budapest Spring Festival"]
[Site "Budapest, Hungary"]
[Date "2011.03.24"]
[Round "8"]
[White "Tran, Minh Thang"]
[Black "Halak, Miklos"]
[Result "1/2-1/2"]
[WhiteElo "2077"]
[BlackElo "2062"]
[PlyCount "60"]
[EventDate "2011.??.??"]

1. d4 d5 2. Bf4 Nf6 3. e3 Bf5 4. Bd3 e6 5. Nf3 Bd6 6. O-O O-O 7. Ne5 Qe7 8. c4
dxc4 9. Bxf5 exf5 10. Qc2 Bxe5 11. Bxe5 Nc6 12. Qxf5 Nxe5 13. dxe5 Nd5 14. Qe4
c6 15. Nc3 Rad8 16. Rfd1 Nxc3 17. bxc3 b5 18. f4 Qa3 19. f5 Qxc3 20. Rac1 Rxd1+
21. Rxd1 Re8 22. e6 fxe6 23. fxe6 Qf6 24. Rd6 Qa1+ 25. Kf2 Qxa2+ 26. Kg3 Qa5
27. Qxc6 Qe1+ 28. Kg4 Qe2+ 29. Kh4 Qf2+ 30. Kg4 Qe2+ 1/2-1/2

[Event "27th Budapest Spring Festival"]
[Site "Budapest, Hungary"]
[Date "2011.03.24"]
[Round "8"]
[White "Juhasz, Armin"]
[Black "Werner, Dimo"]
[Result "1/2-1/2"]
[WhiteElo "2037"]
[BlackElo "2272"]
[PlyCount "71"]
[EventDate "2011.??.??"]

1. d4 Nf6 2. c4 e6 3. Nf3 c5 4. d5 b5 5. Bg5 exd5 6. cxd5 d6 7. e3 a6 8. a4 b4
9. Nbd2 Be7 10. Bc4 O-O 11. O-O a5 12. e4 Nbd7 13. Re1 Nb6 14. Bf4 Nh5 15. Bg3
Nxg3 16. hxg3 Bf6 17. Rb1 Re8 18. Qc2 Bd7 19. b3 Bc3 20. Re3 h6 21. Rc1 Qc7 22.
Qd3 Bf6 23. Bb5 Bc3 24. Bxd7 Qxd7 25. Nc4 Nxc4 26. Qxc4 Qb7 27. Rc2 Qa6 28.
Qxa6 Rxa6 29. Nd2 Bxd2 30. Rxd2 Raa8 31. Kf1 Rac8 32. Rc2 Re5 33. f4 Re7 34.
Kf2 Rce8 35. Rce2 f6 36. Kf3 1/2-1/2

[Event "27th Budapest Spring Festival"]
[Site "Budapest, Hungary"]
[Date "2011.03.24"]
[Round "8"]
[White "Zala, Gyula"]
[Black "Tran, Tuan Minh"]
[Result "0-1"]
[WhiteElo "2074"]
[BlackElo "2295"]
[PlyCount "84"]
[EventDate "2011.??.??"]

1. d4 e6 2. e4 d5 3. c4 dxe4 4. Be3 c5 5. d5 Nf6 6. Nc3 a6 7. a4 exd5 8. cxd5
Bd6 9. Bc4 O-O 10. h3 Nbd7 11. a5 Ne5 12. b3 Bf5 13. Nge2 Nd3+ 14. Kf1 Qc7 15.
Ra2 Nb4 16. Ra4 Nd7 17. g4 Bg6 18. h4 h6 19. h5 Bh7 20. g5 hxg5 21. h6 f5 22.
Bxg5 g6 23. Nf4 Ne5 24. Ne6 Qd7 25. Rxb4 cxb4 26. Na4 Qf7 27. Nb6 Rab8 28. Be3
Rfe8 29. Ng5 Qf6 30. Rg1 Re7 31. Bd4 Rbe8 32. Qa1 Qf8 33. Qa4 Nf3 34. Nd7 Rxd7
35. Qxd7 Qe7 36. Nxh7 Kxh7 37. Qa4 Nxd4 38. Qa1 Nf3 39. Rh1 Qe5 40. Qa4 Re7 41.
Be2 Nd2+ 42. Kg1 e3 0-1

[Event "27th Budapest Spring Festival"]
[Site "Budapest, Hungary"]
[Date "2011.03.24"]
[Round "8"]
[White "Somogyi, Istvan"]
[Black "Havaskori, Laszlo"]
[Result "1-0"]
[WhiteElo "2176"]
[BlackElo "2106"]
[PlyCount "75"]
[EventDate "2011.??.??"]

1. d4 Nf6 2. c4 e6 3. Nf3 Bb4+ 4. Bd2 Bxd2+ 5. Qxd2 d6 6. Nc3 Nbd7 7. g3 O-O 8.
Bg2 c6 9. O-O h6 10. e4 e5 11. Rad1 Qe7 12. Nh4 Nb6 13. b3 Bg4 14. f3 Be6 15.
f4 exf4 16. Qxf4 Rad8 17. Rde1 Nh5 18. Qf3 Qg5 19. Qd1 Bg4 20. Bf3 Nf6 21. Qd3
g6 22. Bxg4 Nxg4 23. Rf4 h5 24. Ref1 c5 25. h3 cxd4 26. hxg4 dxc3 27. gxh5 c2
28. Kg2 c1=Q 29. Rxc1 d5 30. cxd5 Nxd5 31. exd5 Rxd5 32. Qc4 Rd2+ 33. Kh3 Qxh5
34. Rg4 Kh7 35. Rf1 g5 36. Rf5 f6 37. Qe4 Kh6 38. Qe7 1-0

[Event "27th Budapest Spring Festival"]
[Site "Budapest, Hungary"]
[Date "2011.03.24"]
[Round "8"]
[White "Varga, Melinda"]
[Black "Hradeczky, Tamas"]
[Result "1-0"]
[WhiteElo "2031"]
[BlackElo "2260"]
[PlyCount "135"]
[EventDate "2011.??.??"]

1. Nf3 Nf6 2. c4 c6 3. g3 d5 4. Bg2 Bg4 5. Ne5 Nbd7 6. Nxg4 Nxg4 7. cxd5 Qb6 8.
e3 Nge5 9. d4 Ng6 10. dxc6 bxc6 11. O-O e6 12. b3 Bb4 13. Ba3 a5 14. Qf3 Rc8
15. Rc1 Ne7 16. Bb2 O-O 17. Na3 Nd5 18. Nc4 Qa7 19. e4 N5f6 20. a3 Be7 21. Qc3
c5 22. Qxa5 Qb8 23. Nd2 cxd4 24. Bxd4 e5 25. Be3 Ng4 26. Bh3 Nxe3 27. Bxd7 Nc2
28. Ra2 Rc5 29. Qa4 Nxa3 30. Qxa3 Rc7 31. Qxe7 Rxc1+ 32. Kg2 Qc7 33. Qa3 Re1
34. Bg4 g6 35. b4 h5 36. Bf3 h4 37. g4 h3+ 38. Kxh3 Rg1 39. Ra1 Rxa1 40. Qxa1
Rd8 41. Qb2 Rd4 42. b5 Qd6 43. Nb1 Rb4 44. Qa3 Qf6 45. Nd2 Rxb5 46. Kg2 Rb8 47.
Nc4 Kg7 48. Qd6 Qxd6 49. Nxd6 g5 50. Be2 Rd8 51. Nf5+ Kg6 52. Ne7+ Kg7 53. Kg3
Rd2 54. Bc4 f6 55. f3 Rc2 56. Bd5 Rb2 57. h4 gxh4+ 58. Kxh4 Rd2 59. g5 fxg5+
60. Kxg5 Rg2+ 61. Kf5 Rg3 62. Kxe5 Rxf3 63. Ke6 Kf8 64. e5 Rd3 65. Kd7 Rd1 66.
e6 Rd2 67. Ng6+ Kg7 68. e7 1-0

[Event "27th Budapest Spring Festival"]
[Site "Budapest, Hungary"]
[Date "2011.03.24"]
[Round "8"]
[White "Borda, Lajos"]
[Black "Zilahi, Gabor"]
[Result "0-1"]
[WhiteElo "2135"]
[BlackElo "2004"]
[PlyCount "108"]
[EventDate "2011.??.??"]

1. e4 c6 2. d4 d5 3. f3 dxe4 4. fxe4 e5 5. Nf3 Bg4 6. Bc4 Bh5 7. g4 Bg6 8. O-O
Nd7 9. c3 Ngf6 10. Bg5 Qb6 11. Bxf6 gxf6 12. Qe2 Be7 13. Rf2 O-O-O 14. a4 h5
15. a5 Qc7 16. h3 hxg4 17. hxg4 Rh3 18. Nbd2 Rdh8 19. Nh2 exd4 20. cxd4 Bd6 21.
Ndf1 Bg3 22. Nxg3 Qxg3+ 23. Rg2 Qh4 24. Ra3 Rxa3 25. bxa3 Qh6 26. g5 fxg5 27.
a6 b6 28. e5 g4 29. d5 cxd5 30. Bxd5 Qc1+ 31. Nf1 Qc5+ 32. Ne3 Nxe5 33. Rxg4
Nxg4 34. Qxg4+ Kc7 35. Qf4+ Qd6 36. Qc4+ Kd8 37. Bg2 Rh5 38. Qc3 Rg5 39. Qh8+
Ke7 40. Qa8 Rc5 41. Qxa7+ Kf6 42. Qb7 Rc1+ 43. Bf1 Qg3+ 44. Ng2 Qxa3 45. Qxb6+
Kg7 46. Qd4+ Kg8 47. Qd8+ Qf8 48. Qa5 Qc5+ 49. Qxc5 Rxc5 50. Kf2 Ra5 51. Nh4
Be4 52. Ke3 Bc6 53. Nf3 Ra3+ 54. Bd3 Bxf3 0-1